000 00813nam a2200217Ia 4500
999 _c38620
_d38620
001 4800
003 GE_BSU
005 20190802171159.0
008 181216s2012||||ge |||||||||||||| ||geo||
020 _a9789941414756
040 _cGE_BSU
041 _ageo
080 _a616.314.16 გ-59
100 _aგოგილაშვილი, ქეთევან
_93387
245 _aბაზისური და კლინიკური ენდოდონტია /
_cქეთევან გოგილაშვილი.
264 _aთბილისი :
_bშპს სიესტა ;
_c2012.
300 _a405 გვ. :
_bილ. ;
_c25 სმ.
541 _h90ლ.
653 _aბაზისური და კლინიკური ენდოდონტია
942 _cBK
_2udc